Propositions de Drapeaux Rejetées #3 - Statistiques

Statistiques générales
  • Ce quiz a été pris 32 fois
  • Le résultat moyen est 8 sur 16
Statistiques - réponses
Par images Hint Réponse % Correct
Europe / Nord-Ouest Irlande
93%
Europe / Nord-Est Estonie
86%
Océanie Papouasie Nouvelle-Guinée
82%
Asie / Est Chine
79%
Asie / Sud-Est Vietnam
71%
Océanie Australie
64%
Europe / Nord Norvège
64%
Afrique / Sud Afrique Du Sud
61%
Asie / Sud-Est Myanmar
54%
Asie / Centrale Kazakhstan
39%
Europe / Centrale Slovénie
39%
Asie / Est Taiwan
32%
Europe / Sud Bosnie-Herzégovine
21%
Afrique / Ouest Ghana
21%
Moyen Orient Palestine
18%
Europe / Sud Kosovo
11%
Aucun quiz correspondant
Distribution des résultats
% des personnes avec chaque résultat
Percentile par nombre de réponses
Votre historique - résultats
Vous n’avez pas pris ce quiz